00541 2200217 4500001002100000005001500021035002000036007000300056008004100059020001800100082001000118084001600128100001800144245004100162250001000203260003600213300003400249650001800283990001100301990001100312INLIS00000000000663320210301081342 a0010-0321000003ta210301 b 0 ind  a979-666-651-0 a741.5 a741.5 JUN c0 aJUNAIDI, Syam1 aCinta dan Perjuangan /cJunaidi Syam acet.1 aJakarta :bBalai Pustaka,c2001 av, 24 hal. :bilus. ;c25 cm. 4aKOMIK. BACAAN a7901 a a7901 b